LEADER 01645nam 2200409 450 001 000009948 005 20050718115400.0 010 $a90-247-3054-6 100 $a20020206d1984----km-y0itay0103----ba 101 0 $aeng 102 $aNL 200 1 $aPresentation of data in science$epublications, slides, posters, overhead projections, tape-slides, television$eprinciples and practices for authors and teachers$fby Linda Reynolds and Doig Simmonds 210 $aDordrecht [etc.]$cMartinus Nijhoff Publishers$d1984 215 $aXXII, 209 p.$cill.$d25 cm. 606 $aComunicazioni in campo scientifico 606 $aIllustrazioni scientifiche 676 $a507.8$v(20. ed.)$9Educazione, ricerca, soggetti connessi. Uso di apparecchi e attrezzature nello studio e nella didattica 700 1$aReynolds,$bLinda$0440475 701 1$aSimmonds,$bDoig$0440476 801 0$aIT$bUniversità della Basilicata - B.I.A.$gRICA$2unimarc 912 $a000009948 996 $aPresentation of data in science$942874 997 $aUNIBAS BAS $aMONAGR BAS $aMONOGR BAS $aAGRARIA CAT $aSTD009$b01$c20020206$lBAS01$h1619 CAT $aTORRE$b20$c20020509$lBAS01$h1754 CAT $aTORRE$b20$c20020509$lBAS01$h1804 CAT $aTORRE$b20$c20020509$lBAS01$h1818 CAT $c20050601$lBAS01$h1754 CAT $abatch$b01$c20050718$lBAS01$h1050 CAT $c20050718$lBAS01$h1109 CAT $c20050718$lBAS01$h1139 CAT $c20050718$lBAS01$h1154 FMT Z30 -1$lBAS01$LBAS01$mBOOK$1BASA2$APolo Tecnico-Scientifico$2DID$BDidattica$3PTS.s4.p3.9$636704$5A36704$820020206$f04$FPrestabile Didattica LEADER 02759nam 22006375 450 001 996308767503316 005 20190906095518.0 010 $a3-11-090359-8 024 7 $a10.1515/9783110903591 035 $a(CKB)3390000000034342 035 $a(SSID)ssj0001055795 035 $a(PQKBManifestationID)11695296 035 $a(PQKBTitleCode)TC0001055795 035 $a(PQKBWorkID)11014545 035 $a(PQKB)10570395 035 $a(MiAaPQ)EBC3043006 035 $a(DE-B1597)51326 035 $a(OCoLC)1013955860 035 $a(OCoLC)853240848 035 $a(DE-B1597)9783110903591 035 $a(EXLCZ)993390000000034342 100 $a20190906d2013 fg 101 0 $ager 135 $aurcnu|||||||| 181 $ctxt 182 $cc 183 $acr 200 00$aGemeinschaftsaufgaben im Bundesstaat. Partizipation an Verwaltungsentscheidungen $eBerichte und Diskussionen auf der Tagung der Vereinigung der Deutschen Staatsrechtslehrer in Salzburg vom 4. bis 7. Oktober 1972 205 $a1973. Reprint 2013 210 1$aBerlin ;$aBoston : $cDe Gruyter, $d[2013] 210 4$d©1973 215 $a1 online resource (332 pages) 225 0 $aVeröffentlichungen der Vereinigung der Deutschen Staatsrechtslehrer ;$v31 300 $a"Berichte und Diskussionen auf der Tagung der Vereinigung der Deutschen Staatsrechtslehrer in Salzburg vom 4. bis 7. Oktober 1972." 311 $a3-11-177946-7 311 $a3-11-004500-1 320 $aIncludes bibliographical references and index. 327 $tFrontmatter -- $tInhalt -- $tJahrestagung 1972 -- $tAnsprache zur 50 jährigen Wiederkehr der Gründung der Vereinigung / $rScheuner, Ulrich -- $tErster Beratungsgegenstand: Gemeinschaftsaufgaben im Bundesstaat -- $tZweiter Beratungsgegenstand: Partizipation an Verwaltungsentscheidungen -- $tVerzeichnis der Redner -- $tVerzeichnis der Mitglieder der Vereinigung der Deutschen Staatsrechtslehrer -- $tSatzung 606 $aExclusive and concurrent legislative powers$zGermany (West) 606 $aExclusive and concurrent legislative powers$zEurope 608 $aElectronic books. 615 0$aExclusive and concurrent legislative powers 615 0$aExclusive and concurrent legislative powers 676 $a328.250943 686 $aME 8000$2rvk 701 $aFrowein$b Jochen A$0230262 701 $aMünch$b Ingo von$0421539 701 $aSchmitt-Glaeser$b Walter$0233275 701 $aWalter$b Robert$0229646 712 02$aVereinigung der Deutschen Staatsrechtslehrer. 801 0$bDE-B1597 801 1$bDE-B1597 906 $aBOOK 912 $a996308767503316 996 $aGemeinschaftsaufgaben im Bundesstaat. Partizipation an Verwaltungsentscheidungen$92281666 997 $aUNISA